| 000 | 01215cam a22002651i 4500 | ||
|---|---|---|---|
| 003 | SA-RiAUC | ||
| 005 | 20260205133339.0 | ||
| 008 | 260126s1953 ||| g 000 0 ara c | ||
| 040 |
_aEG-CaDAJ _bara _cSA-RiAUC _erda |
||
| 043 | _aa-su--- | ||
| 082 | 0 | 4 | _a953.122 |
| 090 |
_aم ن 953.122 _b م ط ر |
||
| 100 | 1 |
_aالمطري، محمد بن أحمد بن محمد، _d693-741 هجري _eمؤلف. |
|
| 245 | 1 | 2 |
_aالتعريف بما أنست الهجرة من معالم دار الهجرة / _cمحمد بن أحمد المطري ؛ تحقيق محمد بن عبد المحسن الخيال. |
| 264 | 1 |
_a[مكان النشر غير محدد] : _bأسعد درا بزوني الحسيني، _c[1953] |
|
| 300 |
_a85 صفحة؛ _c29 سم. |
||
| 336 |
_aنص _btxt _2rdacontent _3كتاب |
||
| 337 |
_aبدون وسيط _bn _2rdamedia |
||
| 338 |
_aمجلد _bnc _2rdacarrier |
||
| 651 | 7 |
_aالمدينة المنورة _xفضائل _2aucsh |
|
| 651 | 7 |
_aالمدينة المنورة _xتاريخ _2aucsh |
|
| 700 | 1 |
_aالخيال، محمد بن عبد المحسن بن عبد العزيز، _d1318-1413 هجري _eمحقق. |
|
| 942 |
_2ddc _cRBOOK COPY _n0 |
||
| 949 |
_aSA-JeALM _d260126 _umohamedma123 _n1 |
||
| 999 |
_c14269 _d14269 |
||